Top 51 Busiest Airports in the World 2019 - Statistics

General Stats
  • This quiz has been taken 116 times
  • The average score is 43 of 51
Answer Stats
Passengers Answer % Correct
46.09 M London (Gatwick)
100%
80.12 M London (Heathrow)
100%
100.98 M Beijing
98%
87.53 M Los Angeles
98%
72.22 M Paris
97%
43.63 M Shanghai (Hongqiao)
97%
74.00 M Shanghai (Pudong)
96%
87.13 M Tokyo
96%
42.60 M Tokyo (Narita)
96%
107.39 M Atlanta
95%
57.89 M Madrid
95%
45.04 M Miami
95%
61.90 M New York (JFK)
95%
46.06 M New York (Newark Liberty)
95%
47.70 M Mexico City
94%
44.38 M Sydney
94%
51.17 M Barcelona
92%
68.19 M Istanbul
92%
45.83 M Moscow
92%
42.99 M Rome
92%
83.33 M Chicago
91%
63.37 M Bangkok
90%
69.90 M Delhi
90%
89.14 M Dubai
90%
74.51 M Hong Kong
90%
43.80 M Houston
90%
49.87 M Mumbai
90%
57.79 M San Francisco
90%
69.11 M Dallas
89%
65.62 M Singapore
89%
69.51 M Frankfurt
88%
42.83 M Sao Paulo
88%
68.35 M Seoul
87%
49.50 M Toronto
87%
64.49 M Denver
86%
66.90 M Jakarta
86%
49.84 M Seattle
84%
69.76 M Guangzhou
81%
59.95 M Kuala Lumpur
81%
47.69 M Orlando
80%
45.08 M Manila
77%
46.25 M Munich
76%
49.71 M Las Vegas
72%
46.53 M Taipei
69%
44.94 M Phoenix
67%
49.35 M Shenzhen
62%
52.95 M Chengdu
60%
44.65 M Xi'an
60%
46.44 M Charlotte
53%
71.05 M Amsterdam
35%
47.09 M Kunming
28%
No matching quizzes found
Score Distribution
Percent of People with Each Score
Percentile by Number Answered
Your Score History
You have not taken this quiz